| 000 | 00498nam a2200181Ia 4500 | ||
|---|---|---|---|
| 001 | 20330 | ||
| 005 | 20260306172758.0 | ||
| 008 | 260306t2020||||xx |||||||||||||| ||spa|| | ||
| 041 | _aESP | ||
| 082 |
_a343.1 _bT74 |
||
| 100 |
_aTorres Manrique, Jorge Isaac _eAUT |
||
| 245 | 0 |
_aTratado de derechos fundamentales: _bestudio integral, interdisciplinar sistémico aplicativo |
|
| 260 | _c2020 | ||
| 300 |
_a951 páginas : _c24 cm. |
||
| 650 | _aGEN | ||
| 654 | _aCDE | ||
| 942 |
_cLIB _dJUS _fJUS _2ddc _n |
||
| 999 |
_c20330 _d20330 |
||